| 000 | 00704nam a2200217Ia 4500 | ||
|---|---|---|---|
| 005 | 20250508170234.0 | ||
| 008 | 008 250505s9999 xx 000 0 eng d | ||
| 020 | _a978-1-78350-453-4 | ||
| 037 | _aReference | ||
| 040 |
_aFEDL _beng _cFEDL |
||
| 041 |
_aeng _2eng |
||
| 084 |
_a370.196, WIS/RR _qFEDL |
||
| 100 |
_aWiseman Alexander W Ed. _9783579 |
||
| 245 | 0 | _aAnnual review of comparative and international education, 2014 | |
| 260 |
_aBingley, UK _bEmerald Group _c2014 |
||
| 300 | _axv, 401p. | ||
| 490 | _aInternational Perspectives on Education and Society, V.25 | ||
| 700 |
_a Anderson Emily Ed. _9783580 |
||
| 942 |
_cREF _h370.196, WIS/RR |
||
| 999 |
_c1399974 _d1399974 |
||